000 00297nam a22001097a 4500
008 211013b ||||| |||| 00| 0 eng d
050 _aPeriodical
245 _aJournal of Theological Studies
260 _aOxford
_bUniversity of Oxford
_c2001
300 _aNot specified
942 _2lcc
_cPERIODICAL
999 _c130811
_d130811